• 首页
  • 本馆介绍
  • 公告通知
  • 最新文献
  • 馆藏检索
  • 电子资源
  • 读者导购
  • 参考咨询
  • 我的图书馆
  • 登录
  • 详细信息显示
  • 放入我的书架
  • 预约/预借图书
  • 作者相关作品
  • 分类相关作品
  • 丛书相关作品
  • 出版社相关作品

书目信息

  • 表格格式
  • 工作单格式
  • 卡片格式
题名:
音乐美学理论与中西方音乐审美思想研究
    
 
作者: 李强 著
分册:  
出版信息: 北京   新华出版社  2020.11
页数: 198页
开本: 24cm
丛书名:
单 册:
中图分类: J601
科图分类:
主题词: 音乐美学--音乐教育--教育研究
电子资源:
ISBN: 978-7-5166-5312-8
000 00821nam0 2200229 45
001 012001000676
005 20130909125038.0
010    @a978-7-5166-5312-8@dCNY68.00
100    @a20210331d2020 em y0chiy0110 ea
101 0  @achi
102    @aCN@b110000
105    @ay z 000yy
106    @ar
200 1  @a音乐美学理论与中西方音乐审美思想研究@Ayin yue mei xue li lun yu zhong xi fang yin yue shen mei si xiang yan jiu@f李强著
210    @a北京@c新华出版社@d2020.11
215    @a198页@d24cm
330    @a本书分六章,内容包括:音乐美学概述、音乐的形式与审美规律、音乐表演的美学思维、音乐创作的美学思维、中国音乐审美思想特征、西方音乐审美思想特征。
606 0  @a音乐美学@x音乐教育@x教育研究
690    @aJ601@v5
701  0 @a李强@Ali qiang@4著
801    @aCN@b江苏凤凰@c20211018
905    @b1340592-5@dJ601@e1262@f4
    
    音乐美学理论与中西方音乐审美思想研究/李强著.-北京:新华出版社,2020.11
    198页;24cm
    
    
    ISBN 978-7-5166-5312-8:CNY68.00
    本书分六章,内容包括:音乐美学概述、音乐的形式与审美规律、音乐表演的美学思维、音乐创作的美学思维、中国音乐审美思想特征、西方音乐审美思想特征。
●
相关链接 在E读中查询图书 在五车中查询图书 在当当中查询图书 在豆瓣中查询图书


正题名:音乐美学理论与中西方音乐审美思想研究     索取号:J601/1262         预约/预借

序号 登录号 条形码 馆藏地/架位号 状态 备注
1 1340592   213405929   第一样本阅览室/ [索取号:J601/1262] 在馆    
2 1340593   213405938   第一借阅区/ [索取号:J601/1262] 在馆    
3 1340594   213405947   第一借阅区/ [索取号:J601/1262] 在馆    
4 1340595   213405956   第一借阅区/ [索取号:J601/1262] 在馆    
唐山师范学院图书馆 欢迎您!
大连网信软件有限公司© 版权所有